<?xml version="1.0" encoding="UTF-8"?>
<record
    xmlns:xsi="http://www.w3.org/2001/XMLSchema-instance"
    xsi:schemaLocation="http://www.loc.gov/MARC21/slim http://www.loc.gov/standards/marcxml/schema/MARC21slim.xsd"
    xmlns="http://www.loc.gov/MARC21/slim">

  <leader>05412nam a2200325   4500</leader>
  <controlfield tag="003">OSt</controlfield>
  <controlfield tag="005">20260512081919.0</controlfield>
  <controlfield tag="008">260512b        |||||||| |||| 00| 0 aze d</controlfield>
  <datafield tag="040" ind1=" " ind2=" ">
    <subfield code="a">AZ-XaKU</subfield>
    <subfield code="b">aze</subfield>
    <subfield code="c">AZ-XaKU</subfield>
  </datafield>
  <datafield tag="041" ind1="0" ind2=" ">
    <subfield code="a">aze</subfield>
  </datafield>
  <datafield tag="050" ind1="1" ind2="4">
    <subfield code="a">QA805 .Al53 2010 v.1</subfield>
  </datafield>
  <datafield tag="100" ind1="1" ind2=" ">
    <subfield code="a">&#x18F;liyev, Knyaz &#x18F;l&#x259;sg&#x259;r o&#x11F;lu,</subfield>
    <subfield code="c">t.e.d., prof.,</subfield>
    <subfield code="e">m&#xFC;&#x259;llif.</subfield>
  </datafield>
  <datafield tag="245" ind1="1" ind2=" ">
    <subfield code="a">N&#x259;z&#x259;ri mexanikadan m&#xFC;hazir&#x259;l&#x259;r (Statika v&#x259; kinematika). I hiss&#x259;</subfield>
    <subfield code="c">/ Knyaz &#x18F;l&#x259;sg&#x259;r o&#x11F;lu &#x18F;liyev ; elmi redaktor X.&#x130;.H&#xFC;seynov ; r&#x259;y&#xE7;il&#x259;r R.S.Qurbanov, A.F.M&#x259;mm&#x259;dov</subfield>
  </datafield>
  <datafield tag="264" ind1=" " ind2=" ">
    <subfield code="a">Bak&#x131;:</subfield>
    <subfield code="b">"Dizayn-EL" MMC,</subfield>
    <subfield code="c">2010.</subfield>
  </datafield>
  <datafield tag="300" ind1=" " ind2=" ">
    <subfield code="a">124 s&#x259;hif&#x259; ;</subfield>
    <subfield code="b">sxem,</subfield>
    <subfield code="c">20 sm.</subfield>
  </datafield>
  <datafield tag="336" ind1=" " ind2=" ">
    <subfield code="a">text</subfield>
    <subfield code="b">txt</subfield>
    <subfield code="2">rdacontent</subfield>
  </datafield>
  <datafield tag="337" ind1=" " ind2=" ">
    <subfield code="a">unmediated</subfield>
    <subfield code="b">n</subfield>
    <subfield code="2">rdamedia</subfield>
  </datafield>
  <datafield tag="338" ind1=" " ind2=" ">
    <subfield code="a">volume </subfield>
    <subfield code="b">nc</subfield>
    <subfield code="2">rdacarrier</subfield>
  </datafield>
  <datafield tag="500" ind1=" " ind2=" ">
    <subfield code="a">D&#x259;rs v&#x259;saiti "Mexanikl&#x259;&#x15F;dirm&#x259; v&#x259; avtomatla&#x15F;d&#x131;rma" fak&#xFC;lt&#x259;sinin Elmi &#x15E;uras&#x131;n&#x131;n q&#x259;rar&#x131; il&#x259; &#xE7;ap etdirilmi&#x15F;dir ("29" dekabr 2009-cu il, protokol &#x2116;4).</subfield>
  </datafield>
  <datafield tag="504" ind1=" " ind2=" ">
    <subfield code="a">&#x18F;d&#x259;biyyat: s.118</subfield>
  </datafield>
  <datafield tag="505" ind1="0" ind2=" ">
    <subfield code="a">&#x18F;sas anlay&#x131;&#x15F;lar -- 2. Statikan&#x131;n aksiomlar&#x131; -- 3. Dayaqlar (rabit&#x259;l&#x259;r) -- 4. M&#xFC;vazin&#x259;td&#x259; olan &#xFC;&#xE7; q&#xFC;vv&#x259; haqq&#x131;nda teorem -- 5. Bir n&#xF6;qt&#x259;d&#x259; t&#x259;tbiq olunan q&#xFC;vv&#x259;l&#x259;r sisteminin h&#x259;nd&#x259;si toplanmas&#x131; -- 6. Q&#xFC;vv&#x259;nin ox v&#x259; m&#xFC;st&#x259;vi &#xFC;z&#x259;rind&#x259;ki proyeksiyas&#x131; -- 7. Bir n&#xF6;qt&#x259;d&#x259; t&#x259;tbiq olunan q&#xFC;vv&#x259;l&#x259;r sistemi analitik &#xFC;sulla toplanmas&#x131; -- 8. Bir n&#xF6;qt&#x259;d&#x259; t&#x259;tbiq olunan q&#xFC;vv&#x259;l&#x259;r sisteminin analitik m&#xFC;vazin&#x259;t &#x15F;&#x259;rtl&#x259;ri -- 9. Q&#xFC;vv&#x259;nin n&#xF6;qt&#x259;y&#x259; n&#x259;z&#x259;r&#x259;n momenti (q.n.m.) -- 10. Q&#xFC;vv&#x259;nin n&#xF6;qt&#x259;y&#x259; n&#x259;z&#x259;r&#x259;n momentinin (q.n.m.) vektor ifad&#x259;si -- 11. Q&#xFC;vv&#x259;l&#x259;r sisteminin ba&#x15F; momenti -- 12. Varinyon teoremi -- 13. &#x130;ki paralel q&#xFC;vv&#x259;nin toplanmas&#x131; -- 14. C&#xFC;t q&#xFC;vv&#x259; -- 15. C&#xFC;t&#xFC;n momenti vektor kimi -- 16. C&#xFC;t&#xFC;n q&#xFC;vv&#x259;l&#x259;rinin ba&#x15F; momenti haqq&#x131;nda teorem -- 17. F&#x259;za c&#xFC;tl&#x259;r sisteminin analitik &#xFC;sulla toplanmas&#x131; v&#x259; bu c&#xFC;tl&#x259;r sisteminin analatiq m&#xFC;vazin&#x259;t &#x15F;&#x259;rtl&#x259;ri -- 18. Q&#xFC;vv&#x259;l&#x259;r sisteminin se&#xE7;ilmi&#x15F; m&#x259;rk&#x259;z&#x259; g&#x259;tirilm&#x259;si -- 19. &#x130;xtiyari m&#xFC;st&#x259;vi q&#xFC;vv&#x259;l&#x259;r sisteminin analitiq m&#xFC;vazin&#x259;t &#x15F;&#x259;rtl&#x259;ri -- 20. M&#xFC;st&#x259;vi paralel q&#xFC;vv&#x259;l&#x259;r sisteminin analitiq m&#xFC;vazin&#x259;t &#x15F;&#x259;rtl&#x259;ri -- 21. Fermalar -- 22. D&#xFC;y&#xFC;nl&#x259;rin k&#x259;silm&#x259;si &#xFC;sulu -- 23. Ritter &#xFC;sulu -- 24. Q&#xFC;vv&#x259;nin oxa n&#x259;z&#x259;r&#x259;n momenti -- 25. Q&#xFC;vv&#x259;nin n&#xF6;qt&#x259;y&#x259; v&#x259; oxa n&#x259;z&#x259;r&#x259;n momentl&#x259;ri aras&#x131;ndak&#x131; as&#x131;l&#x131;l&#x131;q -- 26. Q&#xFC;vv&#x259;nin koordinant oxlar&#x131;na n&#x259;z&#x259;r&#x259;n momentl&#x259;rinin analatiq ifad&#x259;l&#x259;ri -- 27. &#x130;xtiyari f&#x259;za q&#xFC;vv&#x259;l&#x259;r sisteminin ba&#x15F; momentinin qiym&#x259;t v&#x259; istiqam&#x259;tinin tap&#x131;lmas&#x131; -- 28. &#x130;xtiyari f&#x259;za q&#xFC;vv&#x259;l&#x259;r sisteminin analitiq m&#xFC;vazin&#x259;t &#x15F;&#x259;rtl&#x259;ri -- 29. F&#x259;za paralel q&#xFC;vv&#x259;l&#x259;r sisteminin analitiq m&#xFC;vazin&#x259;t &#x15F;&#x259;rtl&#x259;ri -- 30. Q&#xFC;vv&#x259;l&#x259;r sisteminin se&#xE7;ilmi&#x15F; m&#x259;rk&#x259;z&#x259; g&#x259;tirilm&#x259;sind&#x259; rast g&#x259;l&#x259; bil&#x259;n x&#xFC;susi hallar -- 31. Q&#xFC;vv&#x259;l&#x259;r sisteminin invariantlar&#x131; -- 32. Paralel q&#xFC;vv&#x259;l&#x259;r m&#x259;rk&#x259;zi -- 33. A&#x11F;&#x131;rl&#x131;q m&#x259;rk&#x259;zi (a.m.) -- 34. B&#x259;zi sad&#x259; h&#x259;nd&#x259;si fiqurlar&#x131;n a&#x11F;&#x131;rl&#x131;q m&#x259;rk&#x259;zl&#x259;ri -- 35. M&#xFC;r&#x259;kk&#x259;b h&#x259;nd&#x259;si fiqurlar&#x131;n a.m. -- 36. S&#xFC;rt&#xFC;nm&#x259; -- 37. Kinematika -- 38. &#xDC;mumi m&#x259;lumat -- 39. N&#xF6;qt&#x259;nin h&#x259;r&#x259;k&#x259;tinin verilm&#x259; &#xFC;sullar&#x131; -- 40. N&#xF6;qt&#x259;nin h&#x259;r&#x259;k&#x259;tinin t&#x259;bii &#xFC;sulla verilm&#x259;si -- 41. N&#xF6;qt&#x259;nin h&#x259;r&#x259;k&#x259;tinin koordinat &#xFC;sulu il&#x259; verilm&#x259;si -- 42. N&#xF6;qt&#x259;nin h&#x259;r&#x259;k&#x259;tinin vektor &#xFC;sulu il&#x259; verilm&#x259;si -- 43. N&#xF6;qt&#x259;nin s&#xFC;r&#x259;t v&#x259; t&#x259;cil vektorlar&#x131; -- 44. H&#x259;r&#x259;k&#x259;tin koordinat &#xFC;sulla verildikd&#x259; n&#xF6;qt&#x259;nin s&#xFC;r&#x259;t v&#x259; t&#x259;cilinin t&#x259;yini -- 45. Differensial h&#x259;nd&#x259;s&#x259;d&#x259;n b&#x259;zi m&#x259;lumatlar, t&#x259;bii koordinat sistemi -- 46. N&#xF6;qt&#x259;nin h&#x259;r&#x259;k&#x259;ti t&#x259;bii &#xFC;sulla verildikd&#x259; onun s&#xFC;r&#x259;t v&#x259; t&#x259;cilinin tap&#x131;lmas&#x131; -- 47. N&#xF6;qt&#x259;nin m&#xFC;nt&#x259;z&#x259;m v&#x259; m&#xFC;nt&#x259;z&#x259;m d&#x259;yi&#x15F;&#x259;n h&#x259;r&#x259;k&#x259;tl&#x259;ri -- 48. Sistem kinematikas&#x131; -- 49. B&#x259;rk cismin ir&#x259;lil&#x259;m&#x259; h&#x259;r&#x259;k&#x259;ti -- 50. B&#x259;rk cismin t&#x259;rp&#x259;nm&#x259;z ox &#x259;traf&#x131;nda f&#x131;rlanma h&#x259;r&#x259;k&#x259;ti -- 51. M&#xFC;nt&#x259;z&#x259;m v&#x259; m&#xFC;nt&#x259;z&#x259;m d&#x259;yi&#x15F;&#x259;n f&#x131;rlanmalar -- 52. T&#x259;rp&#x259;nm&#x259;z ox &#x259;traf&#x131;nda f&#x131;rlanma cismin n&#xF6;qt&#x259;l&#x259;rinin s&#xFC;r&#x259;t v&#x259; t&#x259;cill&#x259;ri -- 53. F&#x131;rlanan cismin n&#xF6;qt&#x259;l&#x259;rinin s&#xFC;r&#x259;t v&#x259; t&#x259;cill&#x259;rinin vektor ifad&#x259;si -- 54. B&#x259;rk cismin yast&#x131; paralel h&#x259;r&#x259;k&#x259;ti -- 55. Yast&#x131; fiqurun n&#xF6;qt&#x259;l&#x259;rinin s&#xFC;r&#x259;tinin t&#x259;yini -- 56. Yast&#x131; fiqurun iki n&#xF6;qt&#x259;sinin s&#xFC;r&#x259;tinin proyeksiyas&#x131; haqq&#x131;nda teorem -- 57. Ani s&#xFC;r&#x259;tl&#x259;r m&#x259;rk&#x259;zi -- 58. X&#xFC;susi hallar &#xFC;&#xE7;&#xFC;n a.s.m.-in yerinin t&#x259;yini -- 59. Yast&#x131; fiqurun n&#xF6;qt&#x259;l&#x259;rinin t&#x259;cill&#x259;rinin tap&#x131;lmas&#x131; -- 60. N&#xF6;qt&#x259;nin m&#xFC;r&#x259;kk&#x259;b h&#x259;r&#x259;k&#x259;ti -- 61. N&#xF6;qt&#x259;nin m&#xFC;r&#x259;kk&#x259;b h&#x259;r&#x259;k&#x259;tind&#x259; onun m&#xFC;tl&#x259;q s&#xFC;r&#x259;tinin tap&#x131;lmas&#x131; -- 62. N&#xF6;qt&#x259;nin m&#xFC;r&#x259;kk&#x259;b h&#x259;r&#x259;k&#x259;tind&#x259; m&#xFC;tl&#x259;q t&#x259;cilinin tap&#x131;lmas&#x131; (Koriolis teoremi).</subfield>
  </datafield>
  <datafield tag="520" ind1=" " ind2=" ">
    <subfield code="a">T&#x259;l&#x259;b&#x259;l&#x259;rin ke&#xE7;il&#x259;n materiallar&#x131;n daha d&#x259;rind&#x259;n m&#x259;nims&#x259;m&#x259;si &#xFC;&#xE7;&#xFC;n v&#x259;saitd&#x259; h&#x259;r bir m&#xF6;vzunun sonunda m&#x259;s&#x259;l&#x259; h&#x259;lli v&#x259; onun metodikas&#x131; verilmi&#x15F;dir.</subfield>
  </datafield>
  <datafield tag="521" ind1=" " ind2=" ">
    <subfield code="a">Bu d&#x259;rs v&#x259;saiti bakalavr pill&#x259;sind&#x259; texniki istiqam&#x259;td&#x259; t&#x259;hsil alan t&#x259;l&#x259;b&#x259;l&#x259;r, layih&#x259; institutlar&#x131;nda, x&#xFC;susi konstruktor b&#xFC;rolar&#x131;nda v&#x259; istehsalatda &#xE7;al&#x131;&#x15F;an m&#xFC;h&#x259;ndisl&#x259;r &#xFC;&#xE7;&#xFC;n n&#x259;z&#x259;rd&#x259; tutulmu&#x15F;dur. El&#x259;c&#x259; d&#x259; bu v&#x259;saitd&#x259;n magistratura v&#x259; doktoranturada t&#x259;hsil alan t&#x259;l&#x259;b&#x259;l&#x259;r d&#x259; istifad&#x259; ed&#x259; bil&#x259;rl&#x259;r.</subfield>
  </datafield>
  <datafield tag="650" ind1=" " ind2="7">
    <subfield code="2">AZ-XaKU</subfield>
    <subfield code="a">Fizika</subfield>
  </datafield>
  <datafield tag="700" ind1="1" ind2=" ">
    <subfield code="a">H&#xFC;seynov, X.i.,</subfield>
    <subfield code="e">elmi redaktor.</subfield>
  </datafield>
  <datafield tag="700" ind1="1" ind2=" ">
    <subfield code="a">Qurbanov, R.S.,</subfield>
    <subfield code="e">r&#x259;y&#xE7;i.</subfield>
  </datafield>
  <datafield tag="700" ind1="1" ind2=" ">
    <subfield code="a">M&#x259;mm&#x259;dov, A.F.,</subfield>
    <subfield code="e">r&#x259;y&#xE7;i.</subfield>
  </datafield>
  <datafield tag="942" ind1=" " ind2=" ">
    <subfield code="c">BOOK</subfield>
  </datafield>
  <datafield tag="999" ind1=" " ind2=" ">
    <subfield code="c">410</subfield>
    <subfield code="d">410</subfield>
  </datafield>
  <datafield tag="952" ind1=" " ind2=" ">
    <subfield code="0">0</subfield>
    <subfield code="1">0</subfield>
    <subfield code="2">lcc</subfield>
    <subfield code="4">0</subfield>
    <subfield code="7">0</subfield>
    <subfield code="8">GC</subfield>
    <subfield code="a">KU</subfield>
    <subfield code="b">KU</subfield>
    <subfield code="d">2026-05-12</subfield>
    <subfield code="l">0</subfield>
    <subfield code="o">QA805 .Al53 2010 v.1</subfield>
    <subfield code="p">0000000336</subfield>
    <subfield code="r">2026-05-12 07:39:42</subfield>
    <subfield code="t">1</subfield>
    <subfield code="w">2026-05-12</subfield>
    <subfield code="y">BOOK</subfield>
  </datafield>
</record>
